Effective English for Business Communication

Enregistré dans:
Détails bibliographiques
Auteur principal: Brown, Diane
Autres auteurs: Burtness, Paul S., Clark, Alfred T.
Format: Livre
Langue:anglais
Publié: Toronto Gage Publ. Ltd. 1982
Édition:1. ed.
Collection:Canadian Edition
Sujets:
Tags: Ajouter un tag
Pas de tags, Soyez le premier à ajouter un tag!

MARC

LEADER 00000nam a2200000 4500
001 c006155
005 20221207073516.8
020 |a 0-7715-0783-6 
041 0 |a eng 
044 |a CA 
245 1 0 |a Effective English for Business Communication  |c Diane Brown, Paul S. Burtness, Alfred T. Clark 
250 |a 1. ed. 
264 1 |a Toronto  |b Gage Publ. Ltd.  |c 1982 
300 |a 403 s. 
490 1 |a Canadian Edition 
830 0 |a Canadian Edition 
610 2 0 |a obchod 
610 2 0 |a angličtina 
610 2 0 |a komunikácia 
610 2 0 |a korešpondencia 
100 1 |a Brown, Diane 
700 1 |a Burtness, Paul S. 
700 1 |a Clark, Alfred T.